000 00381pab a2200157 454500
008 180718b2011 xxu||||| |||| 00| 0 eng d
100 _aGaskil, Stanislaw
245 _aA model of project knowledge management
260 _c2011
300 _ap.23-44.
362 _aApr
650 _aProject management
773 _aProject Management Journal
908 _aN
909 _a92350
999 _c92350
_d92350